Responses for Show #6153 - Wednesday, May 18, 2011

Contestants

[<< previous game]

Flora Peir, a newspaper editor from New York, New York

Gary Rosche, a county tax clerk from Durham, North Carolina

Lisa Bloomberg, a medical student from Minneapolis, Minnesota (whose 1-day cash winnings total $35,000)

[next game >>]

Jeopardy! Round responses

PATRON SAINTS
ALBUM OF THE YEAR GRAMMYS
NURSERY RHYMES
THE LANGUAGE OF PEACE
Y'ALL FROM GEORGIA?
SOUNDS PEACHY
    $200 21
lovers

Gary
    $200 26
Michael Jackson

Gary
    $200 1
Old King Cole

Flora
    $200 11
Hebrew

Gary
    $200 16
the Declaration of Independence

Gary
    $200 6
(Luther) Burbank

Flora
    $400 22
St. Christopher

Gary
    $400 27
Alanis Morissette

Lisa
    $400 2
(Little Jack) Horner

Gary
    $400 12
Arabic

Flora
    $400 17
(Flora: What is governor?)
...
(Alex: He was the [*] of Atlanta.)

mayor

Flora
Triple Stumper
    $400 7
Southern Comfort

Lisa
    $600 23
Joseph

Gary
    $600 28
Billy Joel

Triple Stumper
    $600 3
the candlestick

Gary
    $600 13
Latin

Lisa
    $1,500 18
(Alex: Gary.)
(Gary: ...Who is--um...)
[The time expiry signal sounds.]
(Alex: It was [*]. Yeah, a lot of people forget that he's from Georgia.)

Dr. Martin Luther King, Jr.

Gary
    $600 8
Italy

Lisa
    $800 24
dancers

Lisa
    $800 29
Phil Collins

Triple Stumper
    $800 4
contrary

Gary
    $800 14
Spanish

Gary
    $800 19
(Lisa: Who is Robert McNamara?)
(Gary: Who is Dulles?)
(Flora: Who is Acheson?)
(Alex: No, no harm, no foul on that one. Who is [*]? [*]. McNamara was Defense.)

Dean Rusk

LisaGaryFlora
Triple Stumper
    $800 9
the mango

Gary
    $1000 25
nurses

Gary
    $1000 30
Taylor Swift

Flora
    $1000 5
Wee Willie Winkie

Flora
    $1000 15
French

Flora
    $1000 20
(Alex: All right, we're done with Georgia, and Georgia is done with us.)

Hernando de Soto

Triple Stumper
    $1000 10
Persia

Lisa

Scores at the first commercial break (after clue 15):

Lisa Gary Flora
$2,600 $3,600 $2,800

Scores at the end of the Jeopardy! Round:

Lisa Gary Flora
$3,000 $3,900 $2,600

Double Jeopardy! Round responses

BODIES OF WATER
MOVIE DEMISES
MEDICAL MATTERS
PARTS OF A WHOLE
PRESIDENTIAL ADDRESSES
ENDS IN "RE", NOT ER
    $400 11
(Gary: What is Lake Ontario?)

Lake Erie

LisaGary
    $400 22
True Grit

Lisa
    $400 6
laryngitis

Flora
    $400 16
violin

Triple Stumper
    $400 18
Barack Obama

Triple Stumper
    $400 1
massacre

Lisa
    $800 12
the Seine

Flora
    $800 23
Brad Pitt

Triple Stumper
    $800 7
HDL

Lisa
    $800 17
(Gary: What is, um, a...)

scuba gear

Gary
Triple Stumper
    $800 19
(Gary: Who is, um, Jimmy Carter?)
(Flora: Who is Ford?)

Nixon

LisaGaryFlora
    $800 2
ogre

Lisa
    $3,000 13
(Alex: Flora?)
(Flora: ...What is the Plata?)
(Alex: I'm sorry?)
(Flora: What is the Plata?)
(Alex: Be a little more specific.)
(Flora: Uh, Plata Argentina?)

Río de la Plata

Flora
    $1200 24
Will Smith

Lisa
    $1200 8
embolism

Lisa
    $1200 27
a helicopter

Lisa
    $2,000 20
(Alex: [*] is correct, yes, arguing against the military-industrial complex.)

Eisenhower

Lisa
    $1200 3
nacre

Triple Stumper
    $1600 14
the Marianas Trench

Lisa
    $1600 25
True Romance

Triple Stumper
    $1600 9
(Gary: What are glands?)

tonsils

LisaGary
    $1600 28
a parachute

Flora
    $1600 21
John F. Kennedy

Triple Stumper
    $1600 4
lucre

Flora
    $2000 15
Tanganyika

Flora
    $2000 26
Natural Born Killers

Triple Stumper
    $2000 10
cleft palate

Gary
    $2000 29
a mah-jongg set

Flora
    $2000 30
(Alex: One of our presidents with a good sense of humor--[*].)

George W. Bush

Triple Stumper
    $2000 5
timbre

Lisa

Scores at the end of the Double Jeopardy! Round:

Lisa Gary Flora
$17,400 $2,300 $7,200
(lock game)

[wagering suggestions for these scores]

Final Jeopardy! Round responses

CONSTITUTIONAL AMENDMENTS
GaryWhat is 1865
$2,298
FloraWhat is 1867?
$2,599
LisaWhat was 1865?
$2,600
1865

Final scores:

Lisa Gary Flora
$20,000 $4,598 $4,601
2-day champion: $55,000 3rd place: $1,000 2nd place: $2,000

Game dynamics:

Coryat scores:

Lisa Gary Flora
$16,600 $3,800 $10,200
19 R
(including 1 DD),
1 W
13 R,
6 W
(including 1 DD)
12 R,
4 W
(including 1 DD)

Combined Coryat: $30,600

[game clues] [game scores] [suggest correction]

Game tape date: 2011-02-02
The J! Archive is created by fans, for fans. Scraping, republication, monetization, and malicious use prohibited; this site may use cookies and collect identifying information. See terms. The Jeopardy! game show and all elements thereof, including but not limited to copyright and trademark thereto, are the property of Jeopardy Productions, Inc. and are protected under law. This website is not affiliated with, sponsored by, or operated by Jeopardy Productions, Inc. Join the discussion at JBoard.tv.